| 000 | 00450nam a22001577a 4500 | ||
|---|---|---|---|
| 005 | 20251108173117.0 | ||
| 008 | 250721s2003 xx 000 0 ara d | ||
| 082 | 1 | 4 | _a791.43/فوز |
| 100 | 1 | _aفوزي، ناجي | |
| 245 | 1 | 0 | _aآفاق الفن السينمائي / |
| 264 | 1 |
_aالقاهرة : _bدار غريب للنشر، _c2003. |
|
| 300 | _a171ص | ||
| 650 | 1 | 7 | _aالأعمال السينمائية |
| 942 |
_2ddc _cBK |
||
| 999 |
_c96292 _d96292 |
||